<?xml version="1.0" encoding="UTF-8"?>
<marc:record xmlns:marc="http://www.loc.gov/MARC21/slim">
   <marc:leader>00000nam a2200000 a 4500</marc:leader>
   <marc:datafield ind1="0" ind2="0" tag="245">
      <marc:subfield code="a">Barbie und ihre Schwestern in: Das große Hundeabenteuer [Bildtonträger]</marc:subfield>
   </marc:datafield>
   <marc:datafield ind1=" " ind2="1" tag="264">
      <marc:subfield code="a">Hamburg</marc:subfield>
      <marc:subfield code="b">Universal Pictures Germany GmbH</marc:subfield>
      <marc:subfield code="c">2015</marc:subfield>
   </marc:datafield>
   <marc:datafield ind1="1" ind2=" " tag="520">
      <marc:subfield code="a">Barbie™ und ihre Schwestern Skipper™, Stacie™ und Chelsea™ besuchen ihre Großmutter in ihrer Heimatstadt Willows. Begleitet werden die vier von ihren niedlichen Hundewelpen. Als sie eines Tages auf dem Dachboden eine Schatzkarte finden, sind alle ganz aufgeregt. Diese Karte soll sie nämlich zu einem geheimnisvollen und lang verloren geglaubten Schatz irgendwo in der Stadt führen. Mit ihren süßen Hundewelpen im Schlepptau machen sich die Schwestern auf den Weg und erleben jede Menge spannende Abenteuer. Dabei entdecken sie, dass der größte Schatz ihre Geschwisterliebe ist.</marc:subfield>
   </marc:datafield>
   <marc:datafield ind1="3" ind2=" " tag="024">
      <marc:subfield code="a">5053083046682</marc:subfield>
   </marc:datafield>
</marc:record>
